Boys at home (Record no. 243367)
[ view plain ]
| 000 -LEADER | |
|---|---|
| fixed length control field | 01577nam a2200373Ia 4500 |
| 100 1# - MAIN ENTRY--AUTHOR NAME | |
| Personal name | Parille, Ken. |
| 245 10 - TITLE STATEMENT | |
| Title | Boys at home |
| 250 ## - EDITION STATEMENT | |
| Edition statement | 1st ed. |
| 260 ## - PUBLICATION, DISTRIBUTION, ETC. (IMPRINT) | |
| Place of publication | Knoxville : |
| Name of publisher | University of Tennessee Press, |
| Year of publication | c2009. |
| 300 ## - PHYSICAL DESCRIPTION | |
| Number of Pages | xxvii, 153 p. : |
| Other physical details | ill. |
| 650 #0 - SUBJECT ADDED ENTRY--TOPICAL TERM | |
| Topical Term | American fiction |
| Topical Term | Boys in literature. |
| Topical Term | Boys |
| Topical Term | Boys |
| Topical Term | Children in literature. |
| Topical Term | Children's stories, American |
| Topical Term | Masculinity in literature. |
| 856 40 - ELECTRONIC LOCATION AND ACCESS | |
| Uniform Resource Identifier | http://site.ebrary.com/lib/rucke/Doc?id=10437928 |
No items available.
